| 000 | 02276cam a2200481 a 4500 | ||
|---|---|---|---|
| 001 | 15727422 | ||
| 003 | OSt | ||
| 005 | 20110426133557.0 | ||
| 008 | 090506s2009 ii l 001 0 eng | ||
| 010 | _a 2009311417 | ||
| 020 | _a9788180385636 (set) | ||
| 025 | _aI-E-2009-311417; 73-91 | ||
| 037 |
_bLibrary of Congress -- New Delhi Overseas Office _cRs6995.00 (Set) |
||
| 040 |
_aDLC _cDLC _dDLC |
||
| 042 | _alcode | ||
| 043 | _aa-ii--- | ||
| 050 | 0 | 0 |
_aKNS3647 _b.W66 2009 |
| 082 |
_222 _a347.06 RAO |
||
| 100 | 1 |
_aWoodroffe, John George, _cSir, _d1865-1936. _91788 |
|
| 240 | 1 | 0 | _aLaw of evidence |
| 245 | 1 | 0 |
_aSir John Woodroffe & Syed Amir Ali's Law of evidence / _c[edited by] V. Kesava Rao. |
| 246 | 3 | _aSir John Woodroffe and Syed Amir Ali's Law of evidence | |
| 246 | 3 | 0 | _aLaw of evidence |
| 250 | _a18th ed. | ||
| 260 |
_aNew Delhi : _bLexisNexis Butterworths Wadhwa Nagpur, _c2009. |
||
| 300 |
_a4 v. (cxxxvii, 6650 p.) ; _c24 cm. |
||
| 500 | _aIncludes indexes. | ||
| 505 | 0 | _av. 1. Sections 1-24 -- v. 2. Sections 25-90A -- v. 3. Sections 91-114A -- v. 4. Sections 115-167. | |
| 650 | 0 |
_aEvidence (Law) _zIndia. _91789 |
|
| 700 | 1 |
_aAli, Syed Ameer, _d1849-1928. _91790 |
|
| 700 | 1 |
_aKesava Rao, V. _91791 |
|
| 906 |
_a7 _bcbc _corigode _d2 _encip _f20 _gy-gencatlg |
||
| 942 |
_2ddc _cBK |
||
| 999 |
_c617 _d617 |
||